Trimat cuadrimat: lógica, conjuntos y simetría

Guardado en:
Detalles Bibliográficos
Autores principales: Dienes, Zoltán P (Autor), Mézard, S (Autor)
Formato: Libro
Lenguaje:español
Publicado: Barcelona Teide 1972
Colección:Fichas de trabajo
Materias:
Etiquetas: Agregar Etiqueta
Sin Etiquetas, Sea el primero en etiquetar este registro!

MARC

LEADER 00000nam a2200000 a 4500
001 UCY8627
003 CL-VaPUC
008 950703e19720000SP |||||||||||||||||spa|d
082 0 4 |a 372.7  |b DIE  |2 21 
100 0 |a Dienes, Zoltán P  |e author  |9 340177 
700 0 |a Mézard, S  |e author  |9 340178 
245 1 0 |a Trimat cuadrimat: lógica, conjuntos y simetría 
300 |a 71 p 
942 |c BK 
945 |d 19950703 00:00:00  |a cmena 
260 |a Barcelona  |b Teide  |c 1972 
650 0 |a Matemática  |9 260235 
650 0 |a Niños  |9 255605 
650 0 |a Lógica  |9 256849 
650 0 |a Métodos de enseñanza  |9 270413 
650 7 |a MATERIAL Y EQUIPO DIDACTICOS  |2 CL-VaPUC  |9 309109 
583 |a last modification  |c 19950703 00:00:00  |k Rodrigo Vera 
490 0 |a Fichas de trabajo 
999 |c 235855  |d 235853 
952 |0 0  |1 0  |4 0  |6 372_700000000000000_DIE_1972  |7 0  |8 P  |9 243536  |a BIBEDU  |b BIBEDU  |c BIBEDU_PB  |d 2019-11-18  |i 1526731  |o 372.7 DIE 1972  |p 1526731  |r 2024-01-25  |w 2019-11-18  |y BK  |k EDU